| 000 | 00939cam a22003015a 4500 | ||
|---|---|---|---|
| 001 | E152863 | ||
| 002 | |||
| 008 | 110509s2012 xxk f 000 0 eng u | ||
| 020 | _a9780414024267 | ||
| 035 | _a(Sirsi) u152863 | ||
| 041 | 0 | _aeng | |
| 050 | 0 | 4 | _a346.4104346 $2 18 |
| 100 | 1 | _aRadevsky, Anthony | |
| 245 | 0 | 0 |
_aHague on leasehold enfranchisement _bsecond supplement to the fifth edition |
| 250 | _a5th ed. | ||
| 260 |
_aLondon _bSweet and Maxwell _c2011 |
||
| 300 |
_axx, 263p. _c24 cm. |
||
| 520 | _aUpdates the fifth edition to 16 November 2012 | ||
| 521 | _aAdvanced | ||
| 650 | 2 | 4 | _aLEASEHOLD REFORM ACT 1967 |
| 650 | 2 | 4 | _aLEASEHOLD REFORM ACT 1976 |
| 650 | 2 | 4 | _aLEASEHOLD REFORM, HOUSING AND URBAN DEVELOPMENT ACT 1993 |
| 650 | 2 | 4 | _aEARL CADOGAN V SPORTELLI |
| 651 | 4 |
_aUnited Kingdom _y |
|
| 690 | _aPROPERTY-LANDLORD AND TENANT-LEASES-LEASEHOLD ENFRANCHISEMENT | ||
| 700 | 1 | _aGreenish, Damian | |
| 942 | _n0 | ||
| 999 |
_c112236 _d112236 |
||